000 00743nam a22002657a 4500
001 BR9300276
003 BR-BrBNA
005 20230928093806.0
007 ta
008 230509b bl.||||| |||| 00| 0 por d
040 _aBR-BrBNA
_bpor
_cBiblioteca Nacional de Agricultura
041 _a(Por)
072 _aF06
090 _ F06 BR9300276
110 1 _aUniversidade de Sao Paulo, Sao Paulo (Brasil). Inst. de Pesquisas Economicas
_910549
245 1 _aProjeto de irrigacao: o custo da transformacao social, n. 45
260 3 _aSao Paulo, SP (Brasil):
_c1989.
300 _a160 p.
500 _a23 ref.
650 _aIrrigacao
650 _aCusto
650 _aInvestimento
909 _a202309
_bLucia
_c55
_dLucia Elande
942 _cBK
999 _c47127
_d47127